000 00421nam a2200157Ia 4500
008 160316s2010 xxu||||| |||| 00| 0 eng d
082 _a350.092000
_bPRA
100 _aPrasad Ravindra D
245 _aAdministrative thinkers
250 _a
260 _aNew Delhi
_bSterling Publishers
_c2010
300 _a314p
_b
_cix
365 _b Rs. 175
650 _a1. Public Administration
700 _aPrasad V S
_aSatyanarayana P
999 _c26691
_d26691